000 00504nam a22001817a 4500
003 OSt
005 20140310181712.0
008 121210t xxu||||| |||| 00| 0 eng d
020 _a9716830467
050 _aPL 6061.2
_b.C117 1994
082 _aFIL 398.2
_bC11 1994
245 _aIbong adarna at si Don Juan /
_c Antonio Buenaventura, Vitaliana Pineda
260 _aManila :
_bSt. Augustine Pub,
_cc1994.
300 _a209 p. :
_b ill. ;
_c22 cm. :
562 _e1
942 _2lcc
_cBK
999 _c1606
_d1606